Map Quiz But The Language Is Spanish - Statistics

General Stats
  • This quiz has been taken 65 times
  • The average score is 9 of 15
Answer Stats
Question Answer % Correct
¿Qué año es hoy?
100%
¿Está España en Europa? Si en Europa
100%
Cuando España consiguió la independencia 1821
78%
English Version: Find The Flag Of Spain
67%
Encontrar No No
67%
¿Qué es un meme que es un nombre de Paul en España? Pablo
67%
¿Es España un país o un país colonizado? País
67%
Encontrar pollo Pollo
67%
Encontrar que Que
67%
¿Qué es sí en español? Si (Eso es fácil hermano)
67%
¿Cuál es la primera letra del alfabeto? Una
67%
¿Qué suena la vaca? Mugir
44%
¿Es Noruega más rica que España? Si
33%
¿Cuántos países colonizó España? 35
22%
¿Es un juego de damas? Si
22%
No matching quizzes found
Score Distribution
Percent of People with Each Score
Percentile by Number Answered
Your Score History
You have not taken this quiz